Sports Quiz

Random Sports or Grab Bag Quiz

Gimme Five: Sports III Quiz Stats

Quiz Updated May 20, 2014

Challenge
Share
Tweet
Embed
Score 0/45 Timer 07:00
1 Play Today
Question Answer % Correct
Gimme the five countries that have won the most Olympic medals in basketball.United States
95.9%
Gimme the five cities that have hosted the most Super Bowls.Miami
79.1%
Gimme the five universities with the largest college football stadiums.Michigan
78.2%
Gimme the five countries that have won the most Olympic medals in basketball.Soviet Union
76.2%
Gimme the five MLB teams managed by Lou Piniella.Chicago Cubs
74.9%
Gimme the five NBA Eastern Conference teams with an animal in their name.Bulls
72.9%
Gimme the five MLB teams managed by Lou Piniella.New York Yankees
71.4%
Gimme the five MLB teams managed by Lou Piniella.Cincinnati Reds
69.4%
Gimme the five universities with the largest college football stadiums.Ohio State
69%
Gimme the five NBA Eastern Conference teams with an animal in their name.Hawks
68%
Gimme the five cities that have hosted the most Super Bowls.New Orleans
66%
Gimme the five NBA Eastern Conference teams with an animal in their name.Hornets
65.4%
Gimme the first five MLB pitchers to reach 3,000 strikeouts.Nolan Ryan
64.1%
Gimme the five cities that have hosted the most Super Bowls.Los Angeles
62%
Gimme the first five NFL teams to lose a Super Bowl.Baltimore Colts
61.7%
Gimme the first five NFL teams to lose a Super Bowl.Kansas City Chiefs
60.3%
Gimme the five MLB teams managed by Lou Piniella.Seattle Mariners
59.4%
Gimme the five boxers to beat Muhammad Ali in a bout.Joe Frazier
57.7%
Gimme the five MLB teams managed by Lou Piniella.Tampa Bay Rays
55.5%
Gimme the first five MLB pitchers to reach 3,000 strikeouts.Walter Johnson
54.8%
Gimme the five greatest coaches, according to the Sporting News.Vince Lombardi
54.6%
Gimme the five universities with the largest college football stadiums.Penn State
53.8%
Gimme the first five NFL teams to lose a Super Bowl.Dallas Cowboys
53.8%
Question Answer % Correct
Gimme the five NBA Eastern Conference teams with an animal in their name.Bucks
52.4%
Gimme the first five NFL teams to lose a Super Bowl.Oakland Raiders
48.8%
Gimme the five NBA Eastern Conference teams with an animal in their name.Raptors
48.7%
Gimme the five universities with the largest college football stadiums.Alabama
48.3%
Gimme the five greatest coaches, according to the Sporting News.Phil Jackson
47.7%
Gimme the first five NFL teams to lose a Super Bowl.Minnesota Vikings
47.6%
Gimme the five cities that have hosted the most Super Bowls.San Diego
43.5%
Gimme the five countries that have won the most Olympic medals in basketball.Brazil
42.1%
Gimme the five universities with the largest college football stadiums.Tennessee
36.7%
Gimme the five cities that have hosted the most Super Bowls.Tampa
36.7%
Gimme the five greatest coaches, according to the Sporting News.John Wooden
35.1%
Gimme the five countries that have won the most Olympic medals in basketball.Australia
23.2%
Gimme the five greatest coaches, according to the Sporting News.Bear Bryant
20.6%
Gimme the first five MLB pitchers to reach 3,000 strikeouts.Bob Gibson
20.1%
Gimme the first five MLB pitchers to reach 3,000 strikeouts.Tom Seaver
19.7%
Gimme the five countries that have won the most Olympic medals in basketball.Yugoslavia
17.1%
Gimme the five boxers to beat Muhammad Ali in a bout.Leon Spinks
16.7%
Gimme the five boxers to beat Muhammad Ali in a bout.Larry Holmes
15.2%
Gimme the five greatest coaches, according to the Sporting News.Don Shula
15%
Gimme the five boxers to beat Muhammad Ali in a bout.Ken Norton
10.9%
Gimme the first five MLB pitchers to reach 3,000 strikeouts.Gaylord Perry
6.1%
Gimme the five boxers to beat Muhammad Ali in a bout.Trevor Berbick
3.8%

You're not logged in!

Compare scores with friends on all Sporcle quizzes.
Sign Up with Email
OR
Log In

You Might Also Like...

Show Comments

Extras

Top Quizzes Today


Score Distribution

Your Account Isn't Verified!

In order to create a playlist on Sporcle, you need to verify the email address you used during registration. Go to your Sporcle Settings to finish the process.